<?xml version="1.0" encoding="UTF-8"?>
<record
    xmlns:xsi="http://www.w3.org/2001/XMLSchema-instance"
    xsi:schemaLocation="http://www.loc.gov/MARC21/slim http://www.loc.gov/standards/marcxml/schema/MARC21slim.xsd"
    xmlns="http://www.loc.gov/MARC21/slim">

  <leader>03554cam a22003375a 4500</leader>
  <controlfield tag="001">11685529</controlfield>
  <controlfield tag="005">20160412161010.0</controlfield>
  <controlfield tag="008">150928s2015    gw a   frb    001 0 eng d</controlfield>
  <datafield tag="020" ind1=" " ind2=" ">
    <subfield code="a">9783319139920</subfield>
  </datafield>
  <datafield tag="040" ind1=" " ind2=" ">
    <subfield code="d">WaSeSS</subfield>
    <subfield code="d">EG-ScBUE</subfield>
    <subfield code="b">eng</subfield>
  </datafield>
  <datafield tag="082" ind1="0" ind2="4">
    <subfield code="2">22</subfield>
    <subfield code="a">617.63</subfield>
    <subfield code="b">DEN</subfield>
  </datafield>
  <datafield tag="245" ind1="0" ind2="0">
    <subfield code="a">Dental erosion and its clinical management /</subfield>
    <subfield code="c">edited by Bennett T. Amaechi.</subfield>
  </datafield>
  <datafield tag="260" ind1=" " ind2=" ">
    <subfield code="a">Cham :</subfield>
    <subfield code="b">Springer,</subfield>
    <subfield code="c">2015.</subfield>
  </datafield>
  <datafield tag="300" ind1=" " ind2=" ">
    <subfield code="a">viii, 320 p. :</subfield>
    <subfield code="b">ill. ;</subfield>
    <subfield code="c">24 cm.</subfield>
  </datafield>
  <datafield tag="500" ind1=" " ind2=" ">
    <subfield code="a">Index : p. 313-320.</subfield>
  </datafield>
  <datafield tag="504" ind1=" " ind2=" ">
    <subfield code="a">Includes bibliographical references.</subfield>
  </datafield>
  <datafield tag="505" ind1="0" ind2=" ">
    <subfield code="a">Science: Prevalence, Incidence and Distribution of Dental Erosion -- The Dental Erosion Process -- Causes of Dental Erosion: Intrinsic Causes -- Causes of Dental Erosion: Extrinsic Causes -- Clinical Practice: Diagnosis of Dental Erosion -- Assessment and Monitoring of Dental Erosion -- Dental Erosive Wear Risk Assessment -- Prevention and Control of Dental Erosion: Patient Self-Care.-Prevention&#xA0;and Control of Dental Erosion: Professional Clinical Care -- Prevention and Control of Dental Erosion:&#xA0;Dietary Management -- Prevention and Control of Dental Erosion: Psychological Management -- Prevention and Control of Dental Erosion: Gastroesophagel Reflux Disease Management -- Restoration of the Worn Dentition -- Non-Carious Cervical Lesions: Etiology, Prevalence and Management -- Dentin Hypersensitivity: Etiology, Prevalence and Management -- Patient Recall, Reassessment and Monitoring.</subfield>
  </datafield>
  <datafield tag="506" ind1=" " ind2=" ">
    <subfield code="a">License restrictions may limit access.</subfield>
  </datafield>
  <datafield tag="520" ind1=" " ind2=" ">
    <subfield code="a">Dental erosion adversely affects the aesthetics, function, and longevity of the dentition of adults and children alike, and its increasing incidence and prevalence are the source of growing concern. In response, many studies have been conducted on the condition during the past two decades, giving rise to diverse evidence-based management and prevention strategies. Familiarity with these strategies, and also with etiological and risk factors, is necessary for all professionals who work in dentistry and related health care. In this handbook, the most up-to-date theoretical and practical information on dental erosion is distilled into an accessible, practical, and clinically focused format. Topics are covered in a step-by-step, easy-to-understand manner, with tables, checklists, images, flowcharts, and bullet point-like presentation of core messages that is ideal for busy dental practitioners and students. Procedures and products not yet supported with evidence are not included. Besides providing evidence-based guidance on the varied treatment and prevention strategies, the book examines thoroughly the dental erosion process itself and the intrinsic and extrinsic causes. In addition, careful attention is paid to the etiology, prevalence, and management of dentin hypersensitivity, the restoration of worn dentin, and non-carious cervical lesions. The authors are renowned, clinically active international experts in different aspects of dental erosion and its management, and the book will be invaluable for general dental practitioners, dental students, dental educators, and other health professionals.</subfield>
  </datafield>
  <datafield tag="650" ind1=" " ind2="7">
    <subfield code="a">Dentistry.</subfield>
    <subfield code="2">BUEsh</subfield>
    <subfield code="9">39515</subfield>
  </datafield>
  <datafield tag="650" ind1=" " ind2="0">
    <subfield code="a">Teeth</subfield>
    <subfield code="x">Diseases.</subfield>
    <subfield code="2">BUEsh</subfield>
  </datafield>
  <datafield tag="650" ind1=" " ind2="0">
    <subfield code="a">Teeth</subfield>
    <subfield code="x">Erosion.</subfield>
    <subfield code="2">BUEsh</subfield>
  </datafield>
  <datafield tag="651" ind1=" " ind2=" ">
    <subfield code="2">BUEsh</subfield>
  </datafield>
  <datafield tag="653" ind1=" " ind2=" ">
    <subfield code="b">DDent</subfield>
    <subfield code="c">April2016</subfield>
  </datafield>
  <datafield tag="700" ind1="1" ind2=" ">
    <subfield code="a">Amaechi, Bennett T.</subfield>
    <subfield code="e">editor.</subfield>
  </datafield>
  <datafield tag="710" ind1="2" ind2=" ">
    <subfield code="a">SpringerLink (Online service)</subfield>
  </datafield>
  <datafield tag="773" ind1="0" ind2=" ">
    <subfield code="t">Springer eBooks</subfield>
  </datafield>
  <datafield tag="773" ind1=" " ind2="0">
    <subfield code="t">SpringerLINK ebooks - Medicine (2015)</subfield>
  </datafield>
  <datafield tag="776" ind1="0" ind2="8">
    <subfield code="i">Printed edition:</subfield>
    <subfield code="z">9783319139920</subfield>
  </datafield>
  <datafield tag="942" ind1=" " ind2=" ">
    <subfield code="2">ddc</subfield>
  </datafield>
  <datafield tag="999" ind1=" " ind2=" ">
    <subfield code="c">21616</subfield>
    <subfield code="d">21588</subfield>
  </datafield>
  <datafield tag="952" ind1=" " ind2=" ">
    <subfield code="0">0</subfield>
    <subfield code="1">0</subfield>
    <subfield code="2">ddc</subfield>
    <subfield code="4">0</subfield>
    <subfield code="7">0</subfield>
    <subfield code="8">Alahram</subfield>
    <subfield code="a">MAIN</subfield>
    <subfield code="b">MAIN</subfield>
    <subfield code="c">1ST</subfield>
    <subfield code="d">2016-04-12</subfield>
    <subfield code="e">Purchase</subfield>
    <subfield code="g">1316.00</subfield>
    <subfield code="l">0</subfield>
    <subfield code="o">617.63 DEN</subfield>
    <subfield code="p">000032345</subfield>
    <subfield code="r">2025-07-15 00:00:00</subfield>
    <subfield code="v">1645.00</subfield>
    <subfield code="y">BB</subfield>
  </datafield>
</record>
